Optimum pipe size selection /

Guardado en:
Autor Principal: Nolte, Claude B.
Formato: Libro
Idioma:English
Publicado: Houston : Gulf Pub. Co., Book Division, 1979, c1978.
Materias:
Etiquetas: Agregar Etiqueta
Sin Etiquetas, Sea el primero en etiquetar este registro!
LEADER 00638nam a22002055a 4500
001 EIQ.libpla003343
008 790917t19791978txuao#########001#0#eng#d
005 20071204183357.0
245 1 0 |a Optimum pipe size selection /  |c by Claude B. Nolte. 
260 |a Houston :  |b Gulf Pub. Co., Book Division,  |c 1979, c1978. 
300 |a viii, 297 p. :  |b il., fotos ;  |c 29 cm. 
500 |a Incluye índice. 
020 |a 0872016501 
100 1 |a Nolte, Claude B. 
082 0 0 |a 621.8/672 
650 0 |a Tubería  |x Tamaños. 
650 0 |a Pipe  |x Sizes. 
010 |a  78075079  
040 |a DLC  |c DLC  |d AR-BbSID 
859 |a AR-BbSID  |b BIB. PLAPIQUI  |h 660.281  |i N 725  |p 2025